000 00649nam a2200253Ia 4500
003 OSt
005 20221006145120.0
006 a|||||r|||| 00| 0
007 ta
008 221006b |||||||| |||| 00| 0 eng d
020 _a9780002179805
_cP12.95
024 _a13,812
037 _cTextual
040 _aEASL
_cEASL
_beng
041 _2eng
_aeng
082 _aV56:191(zP).N8, M7
100 _aCHALFONT Alun
245 0 _aDefence of the realm
260 _aLondon
_bCollins
_c1987
300 _a192p.
_ccm.
490 _v Oth
942 _hV56:191(zP).N8, M7
_cTEXL
_2CC
999 _c1081898
_d1081898